Cangrejos gecarcinidos (<Crustacea; Gecarcinidae>) de Colombia (Registro nro. 14798)

Detalles MARC
000 -CABECERA
Campo de control 003470000a22001210004500
090 ## - CLASIFICACIÓN LOCAL
Colección AS
Consecutivo Seriadas
041 0# - IDIOMA
Código de idioma para texto/pista de sonido o título separado
100 1# - ASIENTO PRINCIPAL--NOMBRE PERSONAL
Nombre personal Prahl, Henry von
245 10 - MENCION DE TITULO
Título Cangrejos gecarcinidos (<Crustacea; Gecarcinidae>) de Colombia
700 1# - ASIENTO SECUNDARIO - NOMBRE PERSONAL
Nombre personal Manjarrés, Gustavo
773 1# - Item fuente:
Título Caldasia
Especificación de materiales 45
Descripción física 66
Paginas del Articulo 149-167
Lugar, editorial y fecha de publicación 1984
Información sobre la relación 14
942 ## - ELEMENTOS ADICIONALES (KOHA)
Tipo de ítem Artículo

No hay ítems disponibles.